[Event "Pamplona9697"]
[Site "Pamplona"]
[Date "1996.??.??"]
[Round "3"]
[White "Gulko, Boris F"]
[Black "Magem Badals, Jorge"]
[Result "1/2-1/2"]
[WhiteElo "2615"]
[BlackElo "2570"]

1.c4 c6 2.e4 d5 3.exd5 cxd5 4.d4 Nf6 5.Nc3 e6 6.Nf3 Bb4 7.Bd3 dxc4 8.Bxc4 O-O
9.O-O b6 10.Bg5 Bxc3 11.bxc3 Nbd7 12.Bd3 Bb7 13.Re1 Qc7 14.Rc1 Rfc8 15.Qe2 Qd6
16.Red1 Rc7 17.c4 Re8 18.h3 Rcc8 19.Qe3 Qc6 20.Re1 Qa4 21.Ne5 Nxe5 22.Qxe5 Qc6
23.Qg3 Nh5 24.Qg4 f5 25.d5 fxg4 26.dxc6 Rxc6 27.hxg4 Nf6 28.f3 Ba6 29.Rc3 b5
30.Bxf6 gxf6 31.Be4 Rxc4 32.Ra3 Ra4 33.Rxa4 bxa4 34.Bc6 Re7 35.Re4 Kf7 36.Rxa4 Bb7
37.Bxb7 Rxb7 38.Kh2 e5 39.Kg3 Kg6 40.Ra6 Rf7 41.Kh4 Rc7 42.g5 Rc4+ 43.g4 Rf4
44.Rxa7 fxg5+ 45.Kg3 e4 46.fxe4 Rxe4 47.a4  1/2-1/2

[Event "Komercni Banka op"]
[Site "Pardubice"]
[Date "1996.??.??"]
[Round "2"]
[White "Stohl, Igor"]
[Black "Hetey, Laszlo"]
[Result "1-0"]
[WhiteElo "2560"]
[BlackElo "2410"]

1.c4 c6 2.e4 d5 3.exd5 cxd5 4.d4 Nf6 5.Nc3 e6 6.Nf3 Be7 7.cxd5 Nxd5 8.Bd3 O-O
9.O-O Nd7 10.Nxd5 exd5 11.Bf4 Nb6 12.Qc2 h6 13.Bc7 Qd7 14.Rfe1 Bd6 15.Rac1 Bxc7
16.Qxc7 Qxc7 17.Rxc7 Rb8 18.Ne5 Be6 19.f4 Rfc8 20.Rxc8+ Bxc8 21.Nc6  1-0

[Event "Komercni Banka op"]
[Site "Pardubice"]
[Date "1996.??.??"]
[Round "7"]
[White "Pick, Stepan"]
[Black "Serdt, Simon"]
[Result "1-0"]
[WhiteElo "2115"]
[BlackElo "2275"]

1.c4 c6 2.Nf3 Nf6 3.Nc3 d5 4.cxd5 cxd5 5.d4 Nc6 6.Bf4 a6 7.e3 e6 8.Bd3 b5
9.Rc1 Bb7 10.Ne5 Nxe5 11.dxe5 Ne4 12.O-O Nxc3 13.Rxc3 Bb4 14.Rc2 h5 15.f3 h4
16.h3 Rc8 17.Rxc8 Qxc8 18.a4 Bc6 19.Qb3 a5 20.Rc1 Qb7 21.Rxc6 bxa4 22.Qxa4 O-O
23.Qc2 Be1 24.Rc7 Qb6 25.Rc8  1-0

[Event "Komercni Banka op"]
[Site "Pardubice"]
[Date "1996.??.??"]
[Round "8"]
[White "Jirovsky, Milos"]
[Black "Gisbrecht, Ewgeni"]
[Result "1/2-1/2"]
[WhiteElo "2445"]
[BlackElo "2370"]

1.c4 c6 2.Nf3 d5 3.Qb3 Nf6 4.d4 e6 5.g3 a6 6.Bg2 b5 7.cxd5 cxd5 8.Ne5 Bd6
9.O-O O-O 10.Bf4 Qb6 11.Rc1 Bb7 12.e3 Nbd7 13.Nxd7 Nxd7 14.Nc3 Rfc8 15.Na4  1/2-1/2

[Event "Plzen opJ-A"]
[Site "Plzen"]
[Date "1996.??.??"]
[Round "2"]
[White "Petek, Pavel"]
[Black "Soln, Primoz"]
[Result "0-1"]
[WhiteElo "2175"]
[BlackElo "2330"]

1.c4 c6 2.d4 g6 3.Nc3 Bg7 4.e4 d6 5.Nf3 Nf6 6.Be2 O-O 7.O-O Nbd7 8.h3 e5
9.Be3 exd4 10.Nxd4 Re8 11.Qc2 Qe7 12.Bf3 Ne5 13.Be2 Ned7 14.Bf3 Nc5 15.Bg5 Qe5
16.Bxf6 Qxf6 17.Rad1 a5 18.Na4 Nxa4 19.Qxa4 Qh4 20.Qb3 Be5 21.Rfe1 Qf4 22.Qe3 Qh2+
23.Kf1 Bf4 24.Qb3 a4 25.Qc2 d5 26.Ke2 dxe4 27.Rh1 exf3+ 28.Kxf3 Re3+ 29.fxe3 Qg3+
30.Ke2 Bxe3 31.Qe4 Qf2+ 32.Kd3 Bxd4 33.Qxd4 Bf5+ 34.Kc3 Qc2+ 35.Kb4 a3 36.b3 Qxa2
37.Ra1 Qxg2 38.h4 b6 39.Qd6 c5+ 40.Kb5 Qb7 41.Qxb6 Bd7+  0-1

[Event "Plzen opJ-A"]
[Site "Plzen"]
[Date "1996.??.??"]
[Round "8"]
[White "Petek, Pavel"]
[Black "Stojnic, Miodrag"]
[Result "1-0"]
[WhiteElo "2175"]
[BlackElo "2090"]

1.c4 c6 2.Nc3 d5 3.cxd5 cxd5 4.d4 Nf6 5.Nf3 Nc6 6.Bf4 Ne4 7.Qb3 Nxc3 8.bxc3 g6
9.e4 e6 10.exd5 exd5 11.O-O-O f6 12.Re1+ Kf7 13.Bd3 Na5 14.Qc2 Nc4 15.Bxc4 dxc4
16.Qa4 Qd5 17.Qe8+ Kg7 18.Re7+  1-0

[Event "JUG-ch Podgorica"]
[Site "Podgorica"]
[Date "1996.??.??"]
[Round "15"]
[White "Damljanovic, Branko"]
[Black "Blagojevic, Dragisa"]
[Result "1/2-1/2"]
[WhiteElo "2510"]
[BlackElo "2450"]

1.c4 c6 2.d4 d5 3.Nf3 Nf6 4.e3 Bf5 5.Nc3 e6 6.Nh4 Be4 7.Qb3 Qb6 8.Qxb6 axb6
9.Bd2 h6 10.Be2 Bh7 11.O-O Nbd7 12.Nf3 Bd6 13.Rfc1 O-O 14.Be1 dxc4 15.Bxc4 Rfd8
16.Bb3 e5 17.a4 exd4 18.exd4 Bf5 19.Bd2 Nf8 20.Be3 Ng4 21.h3 Nxe3 22.fxe3 Be6
23.Bxe6 Nxe6 24.b3 Ra5 25.Kf1 Rda8 26.Rab1 Bb4 27.Na2 Be7 28.Rc2 Nc7 29.Nc3 Bb4
30.Na2 Be7 31.Nc3 Bb4 32.Na2 Be7  1/2-1/2

[Event "POL-chTJ"]
[Site "Poland"]
[Date "1996.??.??"]
[Round "?"]
[White "Ciszak, Daniel"]
[Black "Stanek, Piotr"]
[Result "1/2-1/2"]
[WhiteElo "2090"]
[BlackElo "2140"]

1.c4 c6 2.Nf3 d5 3.cxd5 cxd5 4.d4 Nf6 5.Nc3 Nc6 6.e3 Bf5 7.Qb3 Qb6 8.Nxd5 Qxb3
9.Nxf6+ exf6 10.axb3 Bb4+ 11.Bd2 O-O 12.Bc3 Rac8 13.Bc4 a6 14.O-O Rfd8 15.d5 Bxc3
16.dxc6 Bxb2 17.Ra2 Be5 18.cxb7 Rb8 19.Nxe5 fxe5 20.Bxa6 Be4 21.Ra5 Bxb7
22.Bc4 e4 23.g3 h6 24.Rfa1 Rd6 25.Rb5 Rdd8 26.Ra7 Rd7 27.Rb4 Kh7 28.Bf1 Re7
29.Bg2 g6 30.Bf1 Kg7 31.Kg2 Ba6 32.Bxa6 Rxa7 33.Rxb8 Rxa6 34.Rc8 Ra2 35.g4 Rb2
36.Rc3 f5 37.h3 Kf6 38.Kg3 Kg7 39.f3 exf3 40.Kxf3 Rb1 41.e4 Kf6 42.exf5 gxf5
43.Kf4 fxg4 44.hxg4 Rb2 45.Rc6+ Kg7 46.Rb6 Rb1 47.Rb4 Kf6 48.Rb6+ Kg7 49.Ke5 Rg1
50.Rb4 Rg3 51.Kf4 Rc3 52.g5 hxg5+ 53.Kxg5 Kf7 54.Kf5 Ke7 55.Ke5 Kd7 56.Kd4 Rc1
57.Kd5 Rd1+ 58.Kc5 Kc7 59.Rh4 Kb7 60.Rb4+ Ka6 61.Rh4 Kb7 62.b4 Rc1+ 63.Kb5 Rc7
64.Rh6 Rg7 65.Ka5 Rg5+ 66.b5 Rg7 67.Rh5 Rf7  1/2-1/2

[Event "Rubinstein mem"]
[Site "Polanica Zdroj"]
[Date "1996.??.??"]
[Round "6"]
[White "Gulko, Boris F"]
[Black "Rogers, Ian"]
[Result "1/2-1/2"]
[WhiteElo "2615"]
[BlackElo "2575"]

1.c4 c6 2.d4 d5 3.Nc3 Nf6 4.e3 a6 5.a4 e6 6.Nf3 c5 7.Bd3 Nc6 8.O-O Bd6 9.b3 O-O
10.Bb2 b6 11.Rc1 Bb7 12.cxd5 exd5 13.Ne2 Re8 14.Nf4 Nb4 15.Bb1 Bxf4 16.exf4 c4
17.bxc4 dxc4 18.Rxc4 a5 19.Rc1 Nbd5 20.g3 Qd7 21.f5 Qd6 22.Ne5 Rac8 23.Qb3 Qb4
24.Qxb4 Nxb4 25.Rxc8 Rxc8 26.Rc1 Rxc1+ 27.Bxc1 Be4 28.Bxe4 Nxe4 29.Kf1 Nc3
30.Bd2 Nxa4 31.Bxb4 axb4 32.Ke2 f6 33.Nc6 b3 34.Kd3 Kf7 35.Nd8+ Kg8 36.Ne6 h6
37.d5 b2 38.Kc2 Nc3 39.Kxb2 Nxd5 40.Kb3 Ne7  1/2-1/2

[Event "Portoroz"]
[Site "Portoroz"]
[Date "1996.??.??"]
[Round "?"]
[White "Dizdar, Selim"]
[Black "Kodela, Marko"]
[Result "1-0"]
[WhiteElo "2400"]
[BlackElo "2020"]

1.c4 c6 2.e4 d5 3.exd5 cxd5 4.d4 Nf6 5.Nc3 Nc6 6.Nf3 Bg4 7.Be2 e6 8.O-O dxc4
9.h3 Bh5 10.Bxc4 Bxf3 11.Qxf3 Qxd4 12.Bb5 Qb6 13.Be3 Bc5 14.Bxc6+ bxc6 15.Na4 Qb4  1-0

[Event "CZE-ch U18"]
[Site "Prague"]
[Date "1996.??.??"]
[Round "5"]
[White "Schwarz, Michael"]
[Black "Sala, D."]
[Result "1-0"]
[WhiteElo "1775"]
[BlackElo "1810"]

1.c4 c6 2.g3 d5 3.Bg2 Nf6 4.d4 dxc4 5.a4 g6 6.Nc3 Nbd7 7.Nf3 Bg7 8.O-O O-O
9.e4 e5 10.Nxe5 Nxe5 11.dxe5 Ng4 12.Qxd8 Rxd8 13.f4 Bf8 14.h3 Bc5+ 15.Kh1 Ne3
16.Bxe3 Bxe3 17.Rad1 Be6 18.f5 Bd7 19.Rf3 Bh6 20.b3 cxb3 21.Rfd3  1-0

[Event "CRO-Cup"]
[Site "Pula"]
[Date "1996.??.??"]
[Round "?"]
[White "Bistric, Faruk"]
[Black "Golubovic, Boris"]
[Result "0-1"]
[WhiteElo "2400"]
[BlackElo "2385"]

1.c4 c6 2.e4 d5 3.exd5 cxd5 4.d4 Nf6 5.Nc3 Nc6 6.Bg5 e6 7.Nf3 Be7 8.Rc1 O-O
9.c5 Ne4 10.Bf4 b6 11.Bb5 Bd7 12.Qa4 Qe8 13.b4 Nxc3 14.Rxc3 a5 15.Ra3 e5
16.dxe5 bxc5 17.bxc5 Bxc5 18.O-O Bxa3 19.Qxa3 Nxe5 20.Bxe5 Bxb5 21.Re1 Qd7
22.Bxg7 Kxg7 23.Re7 Qf5 24.Qb2+ Qf6 25.Re5 Bd3  0-1

[Event "Regensburg op"]
[Site "Regensburg"]
[Date "1996.??.??"]
[Round "5"]
[White "Werner, Isabel"]
[Black "Werner, Clemens"]
[Result "1/2-1/2"]
[WhiteElo "2145"]
[BlackElo "2325"]

1.c4 c6 2.d4 d5 3.Nf3 Nf6 4.Nc3 a6 5.cxd5 cxd5 6.Bf4 Bf5 7.e3 e6 8.a3 Nc6
9.Be2 Ne4 10.Nxe4 Bxe4 11.O-O Bd6 12.Bxd6 Qxd6 13.Rc1 O-O 14.b4 Rfc8 15.Qd2 Bxf3
16.Bxf3 Ne7 17.Rxc8+ Rxc8 18.Rc1 Rxc1+ 19.Qxc1 Qc6 20.Qxc6 Nxc6 21.Kf1 Kf8
22.Ke1 Ke7 23.Kd2 Kd6 24.Kc3 Na7 25.Be2 Nb5+ 26.Bxb5 axb5  1/2-1/2

[Event "Reykjavik op"]
[Site "Reykjavik"]
[Date "1996.??.??"]
[Round "2"]
[White "Agdestein, Simen"]
[Black "Thorhallsson, Throstur"]
[Result "1-0"]
[WhiteElo "2585"]
[BlackElo "2445"]

1.c4 c6 2.b3 d5 3.Bb2 Bf5 4.d3 e6 5.Nd2 Nf6 6.Qc2 Nbd7 7.Ngf3 Bc5 8.e3 h6
9.Be2 Qe7 10.a3 a5 11.e4 Bh7 12.e5 Ng4 13.O-O f6 14.exf6 Ngxf6 15.Qc3 Bd6
16.d4 Ne4 17.Nxe4 Bxe4 18.Bd3 Nf6 19.Ne5 O-O 20.a4 Rad8 21.Rad1 Bc7 22.Qc1 Bxd3
23.Nxd3 Ne4 24.Ba3 Bd6 25.Bxd6 Qxd6 26.c5 Qe7 27.Rde1 Qf6 28.Qe3 Rfe8 29.f3 Ng5
30.Ne5 Re7 31.Qc3 Ra8 32.Re3 Nf7 33.f4 Nxe5 34.fxe5 Qh4 35.Ref3 Qe4 36.Rf4 Qe2
37.h3 Qh5 38.Qg3 Rae8 39.R1f3 Kh7 40.Qe1 Qg6 41.Qxa5 Rb8 42.Kh2 b6 43.cxb6 Reb7
44.Rf8 Rxb6 45.Rg3 Qe4 46.Rf7 Qxd4  1-0

[Event "Reykjavik op"]
[Site "Reykjavik"]
[Date "1996.??.??"]
[Round "4"]
[White "Hansen, Curt"]
[Black "Thorhallsson, Throstur"]
[Result "1/2-1/2"]
[WhiteElo "2615"]
[BlackElo "2445"]

1.c4 c6 2.e4 d5 3.exd5 cxd5 4.d4 Nf6 5.Nc3 e6 6.Nf3 Bb4 7.Bd3 Nc6 8.O-O dxc4
9.Bxc4 O-O 10.Bg5 Be7 11.Re1 a6 12.Rc1 b5 13.Bd3 Bb7 14.Bb1 Rc8 15.h4 Nb4
16.a3 Nbd5 17.Nxd5 Qxd5 18.Qd3 g6 19.Qe3 Rfd8 20.Qf4 Nh5 21.Qd2 Bxg5 22.hxg5 Rxc1
23.Qxc1 Qc4 24.Qxc4 bxc4 25.Be4 Bd5 26.g3 Rb8 27.Bxd5 exd5 28.Re5 Rb5 29.a4 Ra5
30.Nd2 Ng7 31.Nxc4 Rxa4 32.Rxd5 Ne6 33.b3 Rb4 34.Rd6 Rxb3 35.d5 Nxg5 36.Rxa6 Rd3
37.d6 Rd5 38.Ne5 Ne6 39.f4 Kg7 40.Kg2 Nc5 41.Rc6 Ne6 42.Kf2 h5 43.d7 f6 44.Rxe6  1/2-1/2

[Event "Reykjavik op"]
[Site "Reykjavik"]
[Date "1996.??.??"]
[Round "7"]
[White "Petursson, Margeir"]
[Black "Gausel, Einar"]
[Result "0-1"]
[WhiteElo "2585"]
[BlackElo "2515"]

1.c4 c6 2.Nf3 d5 3.d4 Nf6 4.Nc3 e6 5.Bg5 h6 6.Bxf6 Qxf6 7.g3 Nd7 8.Bg2 Qd8
9.O-O Be7 10.e4 dxc4 11.a4 O-O 12.Qe2 Qa5 13.Qxc4 c5 14.d5 Nb6 15.Qe2 exd5
16.exd5 Bf6 17.Nd2 Bf5 18.Qf3 Bg6 19.Nde4 Be5 20.Rfe1 Nc4 21.d6 Nxb2 22.Nd5 Nc4
23.Rac1 Bxd6 24.Qd3 Bxe4 25.Qxe4 Ne5 26.Qf5 Rfe8 27.Re3 Ng6 28.Qd7 Red8 29.Qf5 Qxa4
30.h4 Qd7 31.Qb1 Rab8 32.Rce1 b5 33.h5 Nf8 34.Kh2 c4 35.Rd1 Qg4 36.Bf3 Qg5
37.Be2 Re8 38.f4 Qd8 39.Bf3 Rxe3 40.Nxe3 Qf6 41.Nd5 Qe6 42.Re1 Qc8 43.Rd1 c3
44.Qb3 b4 45.Ne3 Qc5 46.Nc4 Qf2+ 47.Bg2 Bxf4  0-1

[Event "Reykjavik op"]
[Site "Reykjavik"]
[Date "1996.??.??"]
[Round "7"]
[White "Gunnarsson, A."]
[Black "Berg, Bo"]
[Result "1-0"]
[WhiteElo "2130"]
[BlackElo "2085"]

1.c4 c6 2.Nf3 d6 3.e3 Nh6 4.b3 f6 5.Be2 Be6 6.O-O Na6 7.d4 Nc7 8.Nc3 Qd7
9.d5 Bf7 10.Bb2 g5 11.Ne4 cxd5 12.Nexg5 dxc4 13.Nxf7 Nxf7 14.Nd4 Rg8 15.Bxc4 e5
16.Bxf7+ Kxf7 17.Qh5+ Kg7 18.Nf3 Kh8 19.Rac1 Ne8 20.Rc4 Rg6 21.Rfc1 Ng7 22.Qh4 Qf5
23.Qe4 Qxe4 24.Rxe4 b5 25.Rd1 Be7 26.a4 a6 27.axb5 axb5 28.Rb4 Ra2 29.Rxb5 Ne6
30.Bc3 Nc5 31.Bb4 Ne4 32.Nd2 Ng5 33.h4 Ne6 34.Ne4 f5 35.Rb8+ Kg7 36.Nxd6 Kf6
37.Ne8+ Kf7 38.Rb7 Kxe8 39.Rxe7+  1-0

[Event "Reykjavik op"]
[Site "Reykjavik"]
[Date "1996.??.??"]
[Round "8"]
[White "Kjeld, Matthias"]
[Black "Ragnarsson, Johann Hjortur"]
[Result "1-0"]
[WhiteElo "2155"]
[BlackElo "2130"]

1.c4 c6 2.d4 d5 3.Nf3 Nf6 4.Nc3 Bf5 5.Qb3 Qb6 6.c5 Qxb3 7.axb3 Na6 8.Ra4 Bc2
9.Ra3 Nd7 10.Bf4 f6 11.Kd2 Bf5 12.e3 Nab8 13.b4 g5 14.Bg3 h5 15.h3 h4 16.Bc7 Rh7
17.Be2 e6 18.Rha1 Na6 19.Bxa6 bxa6 20.Rxa6 Nxc5 21.dxc5 Rxc7 22.Nd4 Kd7 23.b5 Bxc5
24.bxc6+ Ke7 25.Nxf5+ exf5 26.Nxd5+ Kd6 27.Nxc7 Kxc7 28.Ke2 Rb8 29.R1a2 Bb6
30.R6a4 Kxc6 31.Rc4+ Kd6 32.b3 Ke6 33.Rc6+ Kf7 34.Kd3 g4 35.Ra4 Rd8+ 36.Ke2 Rg8
37.Rf4 Rg5 38.hxg4 Rxg4 39.Rxg4 fxg4 40.Rc4 f5 41.f3 h3 42.gxh3 g3 43.f4 Kg6
44.Rc6+ Kh5 45.Rxb6 axb6 46.Kf3 Kh4 47.Kg2 b5 48.b4  1-0

[Event "Reykjavik op"]
[Site "Reykjavik"]
[Date "1996.??.??"]
[Round "8"]
[White "Thorarinsson, Pall A"]
[Black "Halldorsson, Bragi"]
[Result "1/2-1/2"]
[WhiteElo "2065"]
[BlackElo "2265"]

1.c4 c6 2.d4 d5 3.Nf3 Nf6 4.Nc3 dxc4 5.a4 Bf5 6.Nh4 Bc8 7.Nf3 Bg4 8.Ne5 Nbd7
9.Nxg4 Nxg4 10.e4 e5 11.d5 Ngf6 12.dxc6 bxc6 13.Bxc4 Bc5 14.O-O Rb8 15.a5 O-O
16.Qe2 Qc7 17.Bg5 h6 18.Bh4 Bd4 19.Rfc1 Qd6 20.Kh1 Nc5 21.Bxf6 Qxf6 22.Rc2 Nb3
23.Ra3 Bxc3 24.Bxb3 Bd4 25.Bc4 Qd6 26.Rg3 Rxb2 27.Rxb2 Bxb2 28.Qg4 Qf6 29.h4 Kh7
30.Rf3 Qg6 31.Qxg6+ Kxg6 32.h5+ Kh7 33.Rxf7 Rxf7 34.Bxf7 a6 35.g4 Bc3 36.f3 Bxa5
37.Bc4 Bd2 38.Bxa6 Kg8 39.Kg2 Kf7 40.Kf2  1/2-1/2

[Event "Reykjavik op"]
[Site "Reykjavik"]
[Date "1996.??.??"]
[Round "8"]
[White "Olafsson, Helgi"]
[Black "Thorhallsson, Throstur"]
[Result "1/2-1/2"]
[WhiteElo "2485"]
[BlackElo "2445"]

1.c4 c6 2.e4 d5 3.exd5 cxd5 4.d4 Nf6 5.Nc3 e6 6.Nf3 Bb4 7.Bd3 dxc4 8.Bxc4 O-O
9.O-O b6 10.Bg5 Bb7 11.Re1 Nbd7 12.Rc1 Rc8 13.Bd3 Bxc3 14.bxc3 Qc7 15.Bh4 Qd6
16.Bg3 Qd5 17.c4 Qa5 18.Ne5 Rfd8 19.d5 exd5 20.Nxd7 Nxd7 21.Bh4 Re8 22.Bf5 Bc6
23.Be7 d4 24.Qd3 g6 25.Bxd7 Rxe7 26.Rxe7 Qg5 27.Qf1 Bxg2 28.Re5 Qxe5 29.Qxg2 Rd8
30.Bc6 d3 31.Bd5 d2 32.Rd1 Rxd5 33.cxd5 Qe2 34.Qf1 Qg4+ 35.Kh1 Qf3+ 36.Kg1 Qg4+
37.Kh1  1/2-1/2

[Event "Rieden op"]
[Site "Rieden"]
[Date "1996.??.??"]
[Round "?"]
[White "Reich, Thomas"]
[Black "Mooser, Stefan"]
[Result "1-0"]
[WhiteElo "2365"]
[BlackElo "2260"]

1.c4 c6 2.e4 d5 3.exd5 cxd5 4.d4 Nf6 5.Nc3 e6 6.Nf3 Be7 7.Bd3 O-O 8.O-O Nc6
9.a3 dxc4 10.Bxc4 a6 11.Be3 b5 12.Ba2 Bb7 13.Qe2 b4 14.axb4 Nxb4 15.Bb1 Bxf3
16.Qxf3 Nbd5 17.Bd3 Qb8 18.Bc1 Qb6 19.Rd1 Rfd8 20.Bc4 a5 21.Na4 Qa7 22.b3 Nb6
23.Nxb6 Qxb6 24.Bd2 Ra7 25.Bf4 Nd5 26.Be5 Rad7 27.Bxd5 exd5 28.Rd3 Bd6 29.h4 Bxe5
30.dxe5 Qc7 31.Re1 d4 32.h5 Qb6 33.Re4 Re7 34.Rexd4  1-0

[Event "EU-ch U18 Girls"]
[Site "Rimavska Sobota"]
[Date "1996.??.??"]
[Round "8"]
[White "Tetenkina, Irina"]
[Black "Nill, Jessica"]
[Result "0-1"]
[WhiteElo "2105"]
[BlackElo "2140"]

1.c4 c6 2.Nf3 d5 3.b3 Bf5 4.Bb2 e6 5.g3 Nf6 6.Bg2 Be7 7.O-O h6 8.d3 O-O 9.Nbd2 Nbd7
10.Qc2 a5 11.a3 Qb6 12.Rfc1 Rfe8 13.Bc3 Bf8 14.Qb2 Ng4 15.Rf1 c5 16.d4 Ngf6
17.dxc5 Bxc5 18.Bd4 Bh7 19.cxd5 Bxd4 20.Nxd4 Nxd5 21.Nc4 Qa6 22.Rfd1 N7f6
23.Rac1 b5 24.Ne5 Rac8 25.Ndc6 Rc7 26.Rc5 Ne4 27.Bxe4 Bxe4 28.Qd4 Nf6 29.Qd6 Qc8
30.Ne7+ Rexe7 31.Qxe7 Rxc5 32.Rd8+ Qxd8 33.Qxd8+ Kh7 34.f4 Rc3 35.Qxa5 Rxb3
36.Qa7 Bd5 37.Qxf7 Rxa3 38.Qg6+ Kg8 39.Qf7+ Kh7 40.Qg6+ Kg8 41.g4 Ra7 42.g5 Be4
43.gxf6 Bxg6 44.Nxg6 gxf6 45.Kf2 b4 46.Ke3 b3 47.Kd3 Rc7  0-1

[Event "Schoeneck-B"]
[Site "Schoeneck"]
[Date "1996.??.??"]
[Round "5"]
[White "Reschke, Stefan"]
[Black "Kuczynski, Robert"]
[Result "1/2-1/2"]
[WhiteElo "2400"]
[BlackElo "2510"]

1.c4 c6 2.Nf3 d5 3.b3 Bg4 4.e3 Nd7 5.h3 Bh5 6.Bb2 e6 7.Be2 Ngf6 8.Ne5 Bxe2
9.Qxe2 Nxe5 10.Bxe5 Bd6 11.Bb2 O-O 12.Nc3 Qe7 13.O-O Rfe8 14.d3 Rad8 15.Rfd1 e5
16.cxd5 cxd5 17.Nb5 Bb8 18.a4 a6 19.Nc3 Qb4 20.Rdb1 d4 21.Na2 Qxb3 22.Bxd4 Qxa4
23.Nc1 Qc6 24.Bb6 Rc8 25.e4 Bc7 26.Be3 a5 27.Qb2 b6 28.Ra3 Nd7 29.Rc3 Qd6
30.Qc2 Nc5  1/2-1/2

[Event "Schoeneck"]
[Site "Schoeneck"]
[Date "1996.??.??"]
[Round "7"]
[White "Miezis, Normunds"]
[Black "Kachiani Gersinska, Ketino"]
[Result "1-0"]
[WhiteElo "2530"]
[BlackElo "2415"]

1.c4 c6 2.e4 d5 3.exd5 cxd5 4.cxd5 Nf6 5.Bb5+ Nbd7 6.Nc3 g6 7.d4 a6 8.Ba4 Bg7
9.Nf3 O-O 10.Bxd7 Nxd7 11.O-O b5 12.Qb3 Nb6 13.a4 bxa4 14.Nxa4 Nxd5 15.Ne5 Qd6
16.Re1 Rb8 17.Qd1 Bd7 18.Nc5 Bb5 19.Bd2 Rbc8 20.Rc1 Rfe8 21.Qb3 e6 22.h4 Nf6
23.Qe3 Qd5 24.Qf4 Red8 25.Bc3 Bc6 26.f3 Be8 27.Nxa6 Qb5 28.Nb4 Nh5 29.Qe3 Ng3
30.Rcd1 Nf5 31.Qf2 f6 32.Ned3 Qc4 33.Nc2 Ba4 34.Na3 Qc6 35.Rc1 Bh6 36.Bd2 Qb6
37.Bxh6 Nxh6 38.Nc5 Qc6 39.Qd2 Nf5 40.Nxe6 Qd6 41.Nxd8 Rxd8 42.Nc4 Qxd4+
43.Qxd4 Rxd4 44.Ne3 Nxh4  1-0

[Event "Schwaebisch Gmund op"]
[Site "Schwaebisch Gmund"]
[Date "1996.??.??"]
[Round "3"]
[White "Miezis, Normunds"]
[Black "Strobel, Matthias"]
[Result "1-0"]
[WhiteElo "2515"]
[BlackElo "2195"]

1.c4 c6 2.e4 d5 3.cxd5 cxd5 4.exd5 a6 5.Qa4+ Nd7 6.Nc3 Nf6 7.Nf3 g6 8.d4 Bg7
9.Bb5 O-O 10.Bxd7 Nxd7 11.O-O b5 12.Qb3 Nb6 13.Re1 Bb7 14.a4 Bxd5 15.Nxd5 Qxd5
16.Qxd5 Nxd5 17.Bd2 e6 18.Kf1 Rfc8 19.axb5 axb5 20.Ke2 Bf6 21.Kd3 Kf8 22.Rec1 h5
23.Rc7 Rcb8 24.Rca7 Rxa7 25.Rxa7 Be7 26.Ne5 Ke8 27.h3 Rc8 28.Rb7 b4 29.g3 g5
30.Nc4 Rd8 31.Ne3 Nxe3 32.fxe3 Bd6 33.g4 hxg4 34.hxg4 Rb8 35.Rxb8+ Bxb8 36.e4 f5
37.gxf5 exf5 38.Bxg5 f4 39.e5 f3 40.Be3 Kd7 41.Ke4 Kc6 42.b3  1-0

[Event "Schwaebisch Gmund op"]
[Site "Schwaebisch Gmund"]
[Date "1996.??.??"]
[Round "4"]
[White "Badea, Bela"]
[Black "Metz, Hartmut"]
[Result "1-0"]
[WhiteElo "2520"]
[BlackElo "2320"]

1.c4 c6 2.Nf3 d5 3.b3 Nf6 4.Bb2 Bf5 5.d3 e6 6.Nbd2 Nbd7 7.h3 h6 8.g4 Bh7
9.Rg1 g5 10.Qc2 a5 11.a3 Qc7 12.cxd5 exd5 13.e3 Bd6 14.Be2 Ne5 15.Nd4 Qe7
16.Qc3 Nfd7 17.Nf1 Nc5 18.O-O-O O-O-O 19.Ng3 a4 20.Ngf5 Nxb3+ 21.Kb1  1-0

[Event "Seefeld op"]
[Site "Seefeld"]
[Date "1996.??.??"]
[Round "?"]
[White "Schnitzspan, Lothar"]
[Black "Burmakin, Vladimir"]
[Result "0-1"]
[WhiteElo "2340"]
[BlackElo "2505"]

1.c4 c6 2.Nc3 d5 3.cxd5 cxd5 4.d4 Nf6 5.Bf4 Qb6 6.Qc2 Nc6 7.e3 Bf5 8.Qd2 Ne4
9.Nxe4 Bxe4 10.a3 f6 11.f3 Bg6 12.Rd1 e5 13.dxe5 fxe5 14.Qxd5 Rd8 15.Qe6+ Be7
16.Bg5 Rxd1+ 17.Kxd1 Bf7 18.Qc8+ Bd8 19.Bxd8 Qb3+ 20.Ke1 O-O 21.Kf2 Rxd8
22.Qg4 Be6 23.Qe4 Qxb2+ 24.Kg3 Qc1 25.Kf2 Rd1 26.Be2 Qd2 27.g4 Qe1+ 28.Kg2 Rd2
29.h3 g6 30.g5 Bd5 31.Qg4 Ne7 32.Qg3 Rxe2+ 33.Nxe2 Qxe2+ 34.Kg1 Qxe3+  0-1

[Event "Sentjur op"]
[Site "Sentjur"]
[Date "1996.??.??"]
[Round "?"]
[White "Ivacic, Vladimir"]
[Black "Zecevic, Dean"]
[Result "0-1"]
[WhiteElo "2285"]
[BlackElo "2325"]

1.c4 c6 2.Nf3 d5 3.b3 Bf5 4.Bb2 e6 5.d3 Nf6 6.g3 Nbd7 7.Bg2 h6 8.O-O Be7
9.Nc3 O-O 10.Qc2 Bh7 11.Rad1 Qb6 12.Na4 Qa6 13.c5 Qa5 14.Rc1 Qc7 15.Qc3 Rfe8
16.Ne5 Bf8 17.f4 Nxe5 18.fxe5 Nd7 19.d4 f6 20.exf6 Nxf6 21.Qe3 Qf7 22.b4 Bf5
23.Nc3 Qh5 24.Qf4 g5 25.Qf3 Qg6 26.Rce1 Bg7 27.e3 Bd3 28.Rf2 Ne4 29.Nxe4 Bxe4
30.Qd1 Rf8 31.Ref1 Rxf2 32.Rxf2 Bxg2 33.Kxg2 a5 34.bxa5 Rxa5 35.Bc3 Ra3 36.Qc2 Qe4+
37.Qxe4 dxe4 38.Rc2 Kf7 39.Kf2 e5 40.dxe5 Ke6 41.Bb4 Rd3 42.Rc4 Kxe5 43.Bc3+ Kd5  0-1

[Event "EU-ch U20"]
[Site "Siofok"]
[Date "1996.??.??"]
[Round "2"]
[White "Shariyazdanov, Andrey"]
[Black "Maros, Milan"]
[Result "1/2-1/2"]
[WhiteElo "2470"]
[BlackElo "2255"]

1.c4 c6 2.Nc3 d5 3.d4 Nf6 4.e3 a6 5.Qc2 b5 6.b3 Bg4 7.Bd3 e6 8.c5 Nbd7 9.f4 g6
10.Bd2 Bg7 11.Nf3 Bxf3 12.gxf3 Ng8 13.O-O-O Ne7 14.Ne2 Nf5 15.b4 Qc7 16.Kb1 Bf6
17.Nc1 O-O 18.Nb3 Rfe8 19.Rdg1 Kh8 20.Qb2 Nf8 21.e4 Ng7 22.Be3  1/2-1/2

[Event "SLO-chT sf"]
[Site "SLO"]
[Date "1996.??.??"]
[Round "1"]
[White "Ivacic, Vladimir"]
[Black "Maslesa, Branko"]
[Result "1-0"]
[WhiteElo "2270"]
[BlackElo "2255"]

1.c4 c6 2.Nf3 d5 3.b3 Bf5 4.Bb2 e6 5.g3 Nf6 6.Bg2 Nbd7 7.O-O Be7 8.d3 O-O
9.Nc3 e5 10.cxd5 cxd5 11.Rc1 d4 12.Nb1 Be6 13.e3 dxe3 14.fxe3 Nd5 15.Qe2 Bf6
16.Kh1 Qb6 17.d4 exd4 18.Nxd4 Rac8 19.Nd2 Bg5 20.Rxc8 Rxc8 21.Nc4 Qa6 22.e4 N5f6
23.Nxe6 Qxe6 24.e5 b6 25.Qd1 Rf8 26.exf6 Bxf6 27.Re1 Qf5 28.g4 Qb5 29.a4  1-0

[Event "SLO-chT sf"]
[Site "SLO"]
[Date "1996.??.??"]
[Round "7"]
[White "Basagic, Zlatko"]
[Black "Ivacic, Vladimir"]
[Result "1-0"]
[WhiteElo "2360"]
[BlackElo "2270"]

1.c4 c6 2.Nc3 d5 3.d4 Nf6 4.e3 g6 5.Nf3 Bg7 6.Bd3 O-O 7.O-O Bg4 8.Qb3 Qb6
9.Ne5 Be6 10.Qa3 dxc4 11.Nxc4 Qc7 12.Bd2 Re8 13.b4 Nbd7 14.f4 Nb6 15.Na5 Nbd5
16.Rac1 Nxc3 17.Rxc3 Qd7 18.Qb2 Bf5 19.Bxf5 gxf5 20.Nc4 Ne4 21.Rc2 Red8 22.Rfc1 Qd5
23.Qa3 e6 24.Be1 Bf8 25.Bh4 Re8 26.Qb2 Bg7 27.Qb1 Rac8 28.Na5 Rb8 29.a4 Bf8
30.h3 Rec8 31.g4 fxg4 32.Rg2 Kh8 33.Rxg4 Bg7 34.Nc4 f5 35.Rg2 Rc7 36.Kh2 Rg8
37.Rcc2 b5 38.Na5 bxa4 39.b5 c5 40.Nc6 cxd4 41.exd4 Qb3 42.Qf1 a3 43.d5 Rd7
44.Ne7 Rxe7 45.Bxe7 exd5 46.Rc7 a2 47.Rxa7 Qb1 48.Rg1 Qb2+ 49.Rg2 Nd2 50.Qd3 a1=Q
51.Rxa1 Qxa1 52.Qxd2 Bd4 53.Rxg8+ Kxg8 54.Qg2+ Kf7 55.Bc5 Bxc5 56.Qxd5+ Kg7
57.Qxc5 Qb2+ 58.Kh1 Qb1+ 59.Qg1+  1-0

[Event "Sochi"]
[Site "Sochi"]
[Date "1996.??.??"]
[Round "?"]
[White "Dragomarezkij, Evgeni"]
[Black "Guliev, Sarhan"]
[Result "1-0"]
[WhiteElo "2455"]
[BlackElo "2505"]

1.c4 c6 2.Nf3 d5 3.e3 Nf6 4.Qc2 e6 5.b3 Bd6 6.Bb2 O-O 7.d4 Ne4 8.g3 f5 9.Bg2 Bd7
10.O-O Qe7 11.Ne5 Be8 12.Nd2 Nd7 13.Nd3 Ndf6 14.f3 Nxd2 15.Qxd2 h5 16.Bc3 h4
17.gxh4 Nh5 18.Bb4 f4 19.Bxd6 Qxd6 20.Bh3 dxc4 21.bxc4 Rd8 22.Rab1 Bg6 23.c5 fxe3
24.Qg2 Qxd4 25.Qxg6 Nf4 26.Bxe6+ Nxe6 27.Qxe6+ Kh7 28.Qe4+ Qxe4 29.fxe4 Rxf1+
30.Kxf1 Rxd3 31.Ke2 Rc3 32.Rxb7 a5 33.Ra7 Kg6 34.Rxa5 Kf6 35.Ra7 Ke5 36.Kf3 e2+
37.Kxe2 Kxe4 38.Re7+ Kd4 39.Rxg7 Rh3 40.Rg4+ Kxc5 41.a4 Kd5 42.Kf2 Rxh2+
43.Kg3 Rh1 44.a5 c5 45.Ra4 Rg1+ 46.Kf2 Rg8 47.a6  1-0

[Event "Sochi"]
[Site "Sochi"]
[Date "1996.??.??"]
[Round "?"]
[White "Dragomarezkij, Evgeni"]
[Black "Maiorov, Oleg"]
[Result "1-0"]
[WhiteElo "2455"]
[BlackElo "2420"]

1.c4 c6 2.Nf3 d5 3.e3 Nf6 4.Nc3 a6 5.b3 Bg4 6.Bb2 Nbd7 7.h3 Bh5 8.cxd5 cxd5
9.g4 Bg6 10.g5 Ne4 11.Nxd5 e6 12.Nf4 Nxg5 13.Nxg5 Qxg5 14.h4 Qa5 15.Bc3 Qb6
16.Rg1 e5 17.Nxg6 hxg6 18.Qf3 Rxh4 19.Bc4 Nf6 20.Bxe5 Rd8 21.Rc1 Bb4 22.Bc7 Rxd2
23.Bxb6 Rc2+ 24.Kd1 Rd2+ 25.Ke1 Rc2+ 26.Kf1 Rxc1+ 27.Ke2 Rxg1 28.Qxb7 Rxc4
29.Qb8+ Kd7 30.bxc4 Ke6 31.Qc8+ Nd7 32.c5 Re1+ 33.Kf3 Ke7 34.Bd8+  1-0

[Event "Zhukov mem"]
[Site "Spasskoe"]
[Date "1996.??.??"]
[Round "2"]
[White "Legky, Nikolay A"]
[Black "Mukhametov, Eldar"]
[Result "1/2-1/2"]
[WhiteElo "2510"]
[BlackElo "2505"]

1.c4 c6 2.Nc3 d5 3.d4 Nf6 4.Nf3 e6 5.Bg5 h6 6.Bxf6 Qxf6 7.Qb3 a5 8.e4 a4
9.Qc2 a3 10.b3 dxe4 11.Nxe4 Bb4+ 12.Ke2 Qf5 13.g3 O-O 14.c5 b6  1/2-1/2